Le Corbusier / (Record no. 8583)
[ view plain ]
| 000 -LEADER | |
|---|---|
| fixed length control field | 02800cam a2200457 i 4500 |
| 001 - CONTROL NUMBER | |
| control field | 22398024 |
| 003 - CONTROL NUMBER IDENTIFIER | |
| control field | OSt |
| 005 - DATE AND TIME OF LATEST TRANSACTION | |
| control field | 20260305141023.0 |
| 008 - FIXED-LENGTH DATA ELEMENTS--GENERAL INFORMATION | |
| fixed length control field | 220126t20242024enkabe b 001 0 eng d |
| 010 ## - LIBRARY OF CONGRESS CONTROL NUMBER | |
| LC control number | 2022931471 |
| 020 ## - INTERNATIONAL STANDARD BOOK NUMBER | |
| International Standard Book Number | 0500204888 |
| Qualifying information | (paperback) |
| 020 ## - INTERNATIONAL STANDARD BOOK NUMBER | |
| International Standard Book Number | 9780500204887 |
| Qualifying information | (paperback) |
| 035 ## - SYSTEM CONTROL NUMBER | |
| System control number | 22398024 |
| 035 ## - SYSTEM CONTROL NUMBER | |
| System control number | (OCoLC)1365053225 |
| 040 ## - CATALOGING SOURCE | |
| Original cataloging agency | YDX |
| Language of cataloging | eng |
| Description conventions | rda |
| Transcribing agency | YDX |
| Modifying agency | BDX |
| -- | OCLCO |
| -- | OCLCQ |
| -- | OCLCL |
| -- | YDX |
| -- | OCLCO |
| -- | YDX |
| -- | OCLCQ |
| -- | YBM |
| -- | DLC |
| 042 ## - AUTHENTICATION CODE | |
| Authentication code | lccopycat |
| 050 00 - LIBRARY OF CONGRESS CALL NUMBER | |
| Classification number | NA1053.J4 |
| Item number | F69 2024 |
| 082 04 - DEWEY DECIMAL CLASSIFICATION NUMBER | |
| Classification number | 720.92 F69 2024 |
| Edition number | 21/eng/20231120 |
| Assigning agency | OCoLC |
| 100 1# - MAIN ENTRY--PERSONAL NAME | |
| Personal name | Frampton, Kenneth, |
| Relator term | author. |
| Real World Object URI | https://id.oclc.org/worldcat/entity/E39PBJpjfT7XhfBt7hFK7CFkDq |
| 245 10 - TITLE STATEMENT | |
| Title | Le Corbusier / |
| Statement of responsibility, etc. | Kenneth Frampton. |
| 250 ## - EDITION STATEMENT | |
| Edition statement | New edition. |
| 264 #1 - PRODUCTION, PUBLICATION, DISTRIBUTION, MANUFACTURE, AND COPYRIGHT NOTICE | |
| Place of production, publication, distribution, manufacture | London : |
| Name of producer, publisher, distributor, manufacturer | Thames & Hudson Ltd, |
| Date of production, publication, distribution, manufacture, or copyright notice | 2024. |
| 264 #4 - PRODUCTION, PUBLICATION, DISTRIBUTION, MANUFACTURE, AND COPYRIGHT NOTICE | |
| Date of production, publication, distribution, manufacture, or copyright notice | ©2024 |
| 300 ## - PHYSICAL DESCRIPTION | |
| Extent | 277 pages : |
| Other physical details | illustrations (some color), maps, plans ; |
| Dimensions | 22 cm. |
| 336 ## - CONTENT TYPE | |
| Content type term | text |
| Content type code | txt |
| Source | rdacontent |
| 336 ## - CONTENT TYPE | |
| Content type term | still image |
| Content type code | sti |
| Source | rdacontent |
| 337 ## - MEDIA TYPE | |
| Media type term | unmediated |
| Media type code | n |
| Source | rdamedia |
| 338 ## - CARRIER TYPE | |
| Carrier type term | volume |
| Carrier type code | nc |
| Source | rdacarrier |
| 490 1# - SERIES STATEMENT | |
| Series statement | World of Art. |
| 500 ## - GENERAL NOTE | |
| General note | First published 2001. |
| 504 ## - BIBLIOGRAPHY, ETC. NOTE | |
| Bibliography, etc. note | Includes bibliographical references (pages 265-268) and index. |
| 520 ## - SUMMARY, ETC. | |
| Summary, etc. | A revised and updated edition of a bestselling introduction to Le Corbusier, one of the leading architects of the twentieth century. Le Corbusier is one of the most famous architects of the twentieth century. The richness and variety of his work combined with his passionately expressed philosophy of architecture have had an immense impact on the urban fabric and the way we live. Weaving through his long and prolific life are certain recurrent themes -- his perennial drive toward new types of dwelling, such as the early white villas to the Unité d'Habitation at Marseilles; his evolving concepts of urban form, including the Plan Voisin of 1925 with its cruciform towers imposed on the city of Paris and his work at Chandigarh in India; and his belief in a new technocratic order. The distinguished critic and architecture historian Kenneth Frampton reexamines all facets of the architect's artistic and philosophical worldview in light of recent thinking and presents us with a Le Corbusier whose work is still relevant for the twenty-first century. This second edition of Le Corbusier features a new introduction and color illustrations. |
| 600 00 - SUBJECT ADDED ENTRY--PERSONAL NAME | |
| Personal name | Le Corbusier, |
| Dates associated with a name | 1887-1965 |
| General subdivision | Criticism and interpretation. |
| 650 #0 - SUBJECT ADDED ENTRY--TOPICAL TERM | |
| Topical term or geographic name entry element | Architecture, Modern |
| Chronological subdivision | 20th century. |
| 650 #6 - SUBJECT ADDED ENTRY--TOPICAL TERM | |
| Topical term or geographic name entry element | Architecture |
| Chronological subdivision | 20e siècle. |
| 830 #0 - SERIES ADDED ENTRY--UNIFORM TITLE | |
| Uniform title | World of art. |
| 906 ## - LOCAL DATA ELEMENT F, LDF (RLIN) | |
| a | 7 |
| b | cbc |
| c | copycat |
| d | 2 |
| e | ncip |
| f | 20 |
| g | y-gencatlg |
| 942 ## - ADDED ENTRY ELEMENTS (KOHA) | |
| Source of classification or shelving scheme | Dewey Decimal Classification |
| Koha item type | English Book |
| Suppress in OPAC | No |
| Withdrawn status | Lost status | Source of classification or shelving scheme | Damaged status | Not for loan | Home library | Current library | Date acquired | Total Checkouts | Full call number | Barcode | Date last seen | Price effective from | Koha item type |
|---|---|---|---|---|---|---|---|---|---|---|---|---|---|
| Dewey Decimal Classification | CENTRAL | TUWAIQ | 03/05/2026 | 720.92 F69 2024 | 1000000027017 | 03/05/2026 | 03/05/2026 | English Book |
